| 000 | 00437nam a22001577a 4500 | ||
|---|---|---|---|
| 003 | OSt | ||
| 005 | 20251119100030.0 | ||
| 008 | 251119b |||||||| |||| 00| 0 eng d | ||
| 020 | _a081190556 | ||
| 040 | _cBISON BOOKS CORP | ||
| 050 |
_aTL 15 .G43 1985 _b .G43 1985 |
||
| 245 |
_aTHE CLASSIC ROLLS - ROYCE / _cG .N . GEORGANO |
||
| 250 | _a1ST EDITION | ||
| 260 |
_aUNITED STATES OF AMERICA: _bBISON BOOKS CORP, _c1985 |
||
| 942 |
_2lcc _cBK _n0 |
||
| 999 |
_c9833 _d9833 |
||